000 01197cam a2200217 4500
001 WB@3612-809
008 041118n2004 000 0 eng u
035 _a(Sirsi) u128045
245 _aCross border approach
260 _c2004
490 _aDEFRA News Release
_v(462/04) 17 November 2004 (2)
520 _aDEFRA has announced how it will allocate reference amounts across holdings that have land in more than one region, as provided for in the EU Regulations. The regions are Scotland, Wales, Northern Ireland and, within England, the three areas designated as land within the moorland line within the upland Severely Disadvantaged Area (SDA), other upland SDA and land outside the upland SDA. Only one application is needed to claim the single payment and farmers with land in more than one country should apply to the agency in the country where most of their land lies. For more information go to the website. http://www.defra.gov.uk/news/2004/041117b.htm
590 _aWB
590 _aWB
650 _aSINGLE FARM PAYMENTS
650 _aBORDERS
650 _aAGRICULTURAL HOLDINGS
650 _aGOVERNMENT FUNDING
690 _aRURAL-FARM BUSINESS MANAGEMENT
942 _n0
999 _c118338
_d118338